00481nam a22001692 4500001001100000005001700011008004100028020001700069040001600086100003300102245007600135250001300211260003400224300001600258650003400274852000300308000001908220151217152144.0100908s xx 000 0 eng d a0567082792 : aKSABUcKABU1 aGunton, Colin E.@000014938310aTheology through preaching :bsermons for Brentwood /cColin E. Gunton. a1st ed. aLondon :bT & T Clark,c2005. aix, 214 p. 0aSermons, English.@00001786941